piłkarze z największą wartością - Statystyki

Ogólne statystyki
  • Ten quiz został rozwiązany 49 razy
  • Średni wynik to 8 z 15
Statystyki odpowiedzi
Hint Odpowiedź % Poprawnych
180 mln Jude Bellingham
93%
180 mln Kylian MbappE
91%
180 mln Erling Haaland
84%
180 mln Vinicius Junior
81%
120 mln Rodri
65%
140 mln Bukayo Saka
60%
150 mln Phil Foden
58%
110 mln Rodrygo
51%
120 mln Jamal Musiala
44%
120 mln Declan Rice
40%
130 mln Florian Wirtz
33%
120 mln Federico Valverde
26%
100 mln Eduardo Camavinga
21%
110 mln Lautaro Martínez
16%
110 mln Martin Odegaard
9%
Nie znaleziono quizów pasujących do podanych kryteriów
Rozkład punktacji
Procent ludzi z każdym wynikiem
Percentyl według liczby udzielonych odpowiedzi
Twoja historia wyników
Nie rozwiązałeś tego quizu